MBTA Bus Routes - Statistics

General Stats
  • This quiz has been taken 75 times
  • The average score is 46 of 174
Answer Stats
Hint Answer % Correct
Design Center - South Station SL2
79%
Forest Hills Station - Back Bay Station 39
59%
Harvard Square - Nubian Station 1
57%
Logan Airport - South Station SL1
53%
Dedham Mall or Dedham Line - Forest Hills Station 34
52%
Harvard Square - Nubian Station (via Allston) 66
52%
City Point - Copley Station 9
52%
Nubian Station - Downtown Crossing @ Temple Place SL5
50%
Nubian Station - South Station @ Essex St. SL4
48%
Mattapan Station - Jackson Square Station 29
43%
Watertown Yard - Kenmore Station 57
43%
City Point - Otis St. & Summer St. 7
43%
Harvard Square - Kendall/MIT Station 68
41%
Chelsea Station - South Station SL3
41%
Linden Square - Sullivan Square Station 109
40%
City Point - Bedford St. & Chauncy St 11
40%
Watertown Square - Harvard Station 71
40%
Arlington Heights - Harvard Station 77
40%
Beth Israel Deaconess Hospital - Andrew Station CT3
40%
Ashmont Station - Ruggles Station (via Washington St.) 23
36%
Waverley Square - Harvard Station 73
36%
Harbor Point - Kenmore Station 8
36%
Davis Station - Assembly Row 90
36%
City Point - Copley Station (via South Bay) 10
34%
Ashmont Station - Ruggles Station (via Talbot Ave.) 22
34%
Mattapan Station - Ruggles Station 28
34%
Ruggles Station - Park St. Station 43
34%
Aberdeen Ave. - Harvard Station 72
34%
Arlmont Village - Harvard Station 78
34%
Clarendon Hill - Lechmere Station 88
34%
Sullivan Square Station - Downtown (via Bunker Hill St.) 93
34%
Roslindale Square - Heath St. 14
33%
Georgetowne - Forest Hills Station 40
33%
Central Square, Cambridge - Broadway Station 47
33%
Belmont Center - Harvard Square (via Concord Ave.) 74
33%
Sullivan Square Station - Reservoir Station 86
33%
Clarendon Hill or Arlington Center - Lechmere Station 87
33%
Sullivan Square Station - Ruggles Station CT2
33%
Fields Corner Station or Kane Square - Ruggles Station 15
31%
Mattapan Station - Forest Hills Station (via Morton St.) 31
31%
Wolcott or Cleary Square - Forest Hills Station 32
31%
Walpole Center - Forest Hills Station 34E
31%
Millenium Park or VA Hospital - Forest Hills Station 36
31%
Reservoir Station - Forest Hills Station 51
31%
Brighton - Kenmore Station 65
31%
Port Shirley, Winthrop - Orient Heights Station (via Revere St.) 712
31%
Belmont Center - Harvard Square (via Huron Ave.) 75
31%
Lebanon Loop - Wellington Station 106
29%
Woodlawn - Haymarket Station 111
29%
Wonderland Station - Maverick Station (via Beach St.) 117
29%
Forest Hills Station - Andrew Station or Harbor Point 16
29%
Wren St. - Forest Hills Station 38
29%
North Station - Tide St. 4
29%
Salem Depot - Haymarket Station 450
29%
Watertown Yard - Federal St. & Franklin St. 504
29%
Jersey St. & Queensberry St - Park St. Station 55
29%
Needham Junction - Watertown Square 59
29%
Oak Square - University Park or Kendall/MIT Station 64
29%
Harvard Square - Lechmere Station 69
29%
Clarendon Hill or Davis Station - Sullivan Square Station 89
29%
Sullivan Square Station - Downtown (via Main St.) 92
29%
Medford Square - Harvard Station 96
29%
Malden Center Station - Sullivan Square Station (via Ferry St.) 104
28%
Wellington Station - Wood Island Station 112
28%
Market Basket - Maverick Station 114
28%
Logan Airport - Nubian Station 171
28%
Fields Corner Station - Kenmore or Ruggles Station 19
28%
Avon Square - Ashmont Station 240
28%
Dedham Mall or Stimson St. - Forest Hills Station 35
28%
Baker St. & Vermont St. - Forest Hills Station 37
28%
Forest Hills Station - Nubian Station 42
28%
Jackson Square Station - Ruggles Station 44
28%
Franklin Park - Ruggles Station 45
28%
Chestnut Hill - Kenmore Station 60
28%
Spring Hill - Kendall/MIT Station 85
28%
Medford Square - Davis Station 94
28%
West Medford or Arlington Center - Sullivan Square Station 95
28%
Elm St. - Wellington Station 100
26%
Linden Square - Wellington Station 108
26%
Reading Depot - Malden Center Station (via North Ave.) 137
26%
Fields Corner Station - Andrew Station 17
26%
Ashmont Station - Forest Hills Station 21
26%
Quincy Center Station - Fields Corner Station 210
26%
South Shore Plaza - Quincy Center Station 236
26%
Mattapan Station - Forest Hills (via Cummins Highway and Roslindale Sq.) 30
26%
North Burlington - Alewife Station 350
26%
Cleary Square - Forest Hills Station 50
26%
Brighton Center - Federal St. & Franklin St. 501
26%
Waltham Highlands - Federal St. & Franklin St. 556
26%
Bedford VA Hospital - Alewife Station 62
26%
Arlington Heights - Alewife Station 79
26%
Sullivan Square Station - Central Square, Cambridge 91
26%
Malden Center Station - Sullivan Square Station (via Winter Hill) 101
24%
Wonderland Station - Wellington Station 110
24%
Wonderland Station - Maverick Station (via Revere St.) 116
24%
North Woburn - Wellington Station 134
24%
Reading Depot - Malden Center Station (via Lowell St.) 136
24%
Fields Corner Loop (via Neponset Ave.) 201
24%
Quincy Center Station - Ashmont Station (via West Quincy) 215
24%
Dedham Mall - Watertown Yard 52
24%
Roberts - Federal St. & Franklin St. 553
24%
Turkey Hill - Alewife Station 67
24%
Market Place Drive or Waltham Center - University Park 70
24%
Port Shirley, Winthrop - Orient Heights Station (via Winthrop Center) 713
24%
Pemberton Point, Hull - Station St., Hingham 714
24%
Lincoln Lab - Alewife Station 76
24%
Arlington Center - Lechmere Station 80
24%
Woodland Rd. - Wellington Station 99
24%
Malden Center Station - Sullivan Square Station (via Newland St. Housing) 105
22%
Orient Heights Station - Jeffries Point 120
22%
Redstone Shopping Center - Malden Center Station 132
22%
Centre St. & Eliot St. - JFK/UMass Station 41
22%
Marblehead - Wonderland Station (via Paradise Rd.) 441
22%
Waverley Square - Federal St. & Franklin St. 554
22%
Rindge Ave. - Central Square, Cambridge 83
22%
Malden Center Station - Wellington Station 97
22%
Wood Island Station - Maverick Station 121
21%
Melrose Highlands - Oak Grove or Malden Center Station 131
21%
Waltham Center - Nubian Station 170
21%
Ashmont Station - Andrew Station 18
21%
Quincy Center Station - Squantum 211
21%
Houghs Neck - Quincy Center Station 216
21%
Hingham Depot - Quincy Center Station 220
21%
Wakefield Ave. & Truman Pkwy - Mattapan Station 24
21%
River St. & Milton St. - Mattapan Station 33
21%
Bedford Woods Drive - Alewife Station 351
21%
Burlington - State St., Boston 352
21%
Kennedy Drive or Jack Satter House - Malden Center Station 411
21%
Liberty Tree Mall - Central Square, Lynn (via Goodwin Circle) 436
21%
Nahant - Wonderland Station 439
21%
Marblehead - Wonderland Station (via Humphrey St.) 442
21%
Cobbs Corner - Mattapan Station 716
21%
Northgate Shopping Center - Beachmont Station 119
19%
Quincy Center Station - Ashmont Station (via Wollaston Station) 217
19%
East Weymouth - Quincy Center Station 222
19%
Montello Station - Quincy Center Station 230
19%
Saugus Center - Malden Center Station 430
19%
Salem Depot or Liberty Tree Mall - Central Square, Lynn (via Peabody Sq.) 435
19%
North Beverly Station - Salem Depot 451
19%
Salem Depot - Wonderland Station 455
19%
Waltham Center - Federal St. & Franklin St. 505
19%
North Waltham - Waltham Center 61
19%
Fields Corner Loop (via Adams St.) 202
17%
Quincy Center Station - North Quincy Station 212
17%
Holbrook/Randolph Station - Quincy Center Station 238
17%
Ashmont Station - Norfolk St. Loop 26
17%
West Medford - Haymarket Station 326
17%
Central Square, Lynn - Haymarket Station 426
17%
Northgate Shopping Center - Central Square, Lynn 429
17%
Riverside Station - Federal St. & Franklin St. 558
17%
Arlmont Village - Alewife Station 84
17%
Weymouth Landing - Quincy Center Station 225
16%
Columbian Square - Braintree Station 226
16%
Elm St, Medford - Haymarket Station 325
16%
Oaklandvale - Haymarket Station 428
16%
Watertown Yard - Copley Station 502
16%
Germantown - Quincy Center Station 214
14%
Quincy Center Station - Mattapan Station 245
14%
Mattapan Station - Ashmont Station 27
14%
Salem Depot - Central Square, Lynn 456
14%
Brighton Center - Copley Station 503
14%
Lemuel Shattuck Hospital - Park St. & Tremont St. 195
12%
Fort Point - Quincy Center Station 221
12%
Eastern Ave. & Essex St. - Wonderland Station 424
12%
Main St., Peabody - Haymarket Station 434
12%
Oak Square - Kenmore Station 57A
12%
Mattapan Station - Haymarket Station 191
10%
Watertown Yard - Haymarket Station 193
10%
Danvers Square - Salem Depot 465
10%
North Medford - Wellington Station 710
10%
Clarendon Hill - Haymarket Station 194
9%
Cleary Square - Haymarket Station 192
7%
Salem Depot - Wonderland Station 450W
7%
Woburn - State St., Boston 345
2%
No matching quizzes found
Score Distribution
Percent of People with Each Score
Percentile by Number Answered
Your Score History
You have not taken this quiz